| 000 | 00480nam a2200193Ia 4500 | ||
|---|---|---|---|
| 008 | 170918s9999 xx 000 0 und d | ||
| 020 | _a9780590848534 | ||
| 050 | _bR994 1997 | ||
| 100 | _aRylant, Cynthia | ||
| 245 | _aPoppleton everyday / | ||
| 245 | _cCynthia Rylant ; illustrated by Mark Teague. | ||
| 260 | _aNew York : | ||
| 260 | _bScholastic, | ||
| 260 | _c1997 | ||
| 300 | _a48 pages : | ||
| 300 | _bcolored illustration ; | ||
| 300 | _c23cm. | ||
| 500 | _a250 | ||
| 999 |
_c341052 _d341052 |
||